000 01098cam a22003373a 4500
001 0000699
003 DO-SdBNP
005 20171113093527.0
007 0000699
008 861112 2007 sp c 000 0 spa d
010 _a
020 _a9972209210
040 _aBPMSU
_cspa
_dBPMSU
_d
082 4 _a747.797
_bM938p
100 1 0 _aMoya, Sandra
245 0 0 _aProyectos creativos para baños & cocinas /
_ctextos Sandra Moya; editor Cristian Campos
260 _aBarcelona :
_bLexus,
_c2007.
300 _a199 p. :
_bretratos
_c35 cm.
500 _a
505 2 _tIntroducción --
_gBaños --
_tEl baño en casa --
_tTipos de baños --
_tElementos sanitarios y accesorios --
_gCocinas --
_tTipos de cocinas --
_tEstilos --
_tAlmacenamiento --
_tAccesorios --
600 0 0 _a
_x
650 4 _aCOCINAS
650 4 _aCOCINAS
_xDISEÑO
650 4 _aBAÑOS
650 4 _aDECORACIÓN DE INTERIORES
700 1 2 _aCampos, Cristian
_eed.
910 _aValidado. Control de calidad MFF
942 _2ddc
_cBK
945 _aInventariado extranjero / 2017 VM
956 _2YLOCKWARD
_310
_8BPMSU
999 _c11482
_d11482